<?xml version="1.0" encoding="UTF-8"?>
<record
    xmlns:xsi="http://www.w3.org/2001/XMLSchema-instance"
    xsi:schemaLocation="http://www.loc.gov/MARC21/slim http://www.loc.gov/standards/marcxml/schema/MARC21slim.xsd"
    xmlns="http://www.loc.gov/MARC21/slim">

  <leader>02071njm a2200289Ia 4500</leader>
  <controlfield tag="001">D2653</controlfield>
  <controlfield tag="003">IT-RoPAU</controlfield>
  <controlfield tag="005">20220918181114.0</controlfield>
  <controlfield tag="008">131025s9999    xx            000 0 und d</controlfield>
  <datafield tag="040" ind1=" " ind2=" ">
    <subfield code="a">IT-RoPAU</subfield>
  </datafield>
  <datafield tag="040" ind1=" " ind2=" ">
    <subfield code="c">IT-RoPAU</subfield>
  </datafield>
  <datafield tag="999" ind1=" " ind2=" ">
    <subfield code="c">99276</subfield>
    <subfield code="d">99276</subfield>
  </datafield>
  <datafield tag="999" ind1=" " ind2=" ">
    <subfield code="b">n.d.</subfield>
  </datafield>
  <datafield tag="100" ind1=" " ind2=" ">
    <subfield code="a">AA.VV.</subfield>
    <subfield code="9">794</subfield>
  </datafield>
  <datafield tag="100" ind1=" " ind2=" ">
    <subfield code="e">Autore musica</subfield>
    <subfield code="9">30751</subfield>
  </datafield>
  <datafield tag="100" ind1=" " ind2=" ">
    <subfield code="g">Codice autore musica SPICS: 12000</subfield>
    <subfield code="9">796</subfield>
  </datafield>
  <datafield tag="245" ind1=" " ind2=" ">
    <subfield code="a">Top of the Spot 2</subfield>
  </datafield>
  <datafield tag="250" ind1=" " ind2=" ">
    <subfield code="a">1a ed.</subfield>
  </datafield>
  <datafield tag="260" ind1=" " ind2=" ">
    <subfield code="a">ITALIA</subfield>
  </datafield>
  <datafield tag="260" ind1=" " ind2=" ">
    <subfield code="b">POLYGRAM</subfield>
    <subfield code="c">1995 [1a Ed.:1995 - Ed. Lingua Orig.: 1995]</subfield>
  </datafield>
  <datafield tag="300" ind1=" " ind2=" ">
    <subfield code="a">COMPACT DISC</subfield>
  </datafield>
  <datafield tag="300" ind1=" " ind2=" ">
    <subfield code="c">65 minuti (Testo:  pag.)</subfield>
  </datafield>
  <datafield tag="500" ind1=" " ind2=" ">
    <subfield code="a">Jingle. Spot Tv. Brani di autori vari.</subfield>
  </datafield>
  <datafield tag="505" ind1=" " ind2=" ">
    <subfield code="a">Insensitive [(Arden Jann) (dallo spot tv Coin) (5:00)] - Sexual Healing [(Gaye Marvin) (dallo spot tv Crackers Misura) (5:00)] - Avventuriera [(Nannini Gianna) (dallo spot tv Philips Hi-Fi) (5:00)] - More Than I Can Say [(Vee Bobby) (dallo spot tv Renault 19 Camargue) (3:00)] - Treat Me Like A Woman [(Indigo) (dallo spot tv Philips Impulse) (4:00)] - I'm Comin' Home [(La Bionda A.) (dallo spot tv Aspirina Effervescente Vitamina C.) (4:00)] - Chanson d'amour [(Manhattan Transfer) (dallo spot tv Amaro Ramazzotti) (3:00)] - Oh Happy Day [(Hawkins Edwin) (dallo spot tv Spumante Gancia) (6:00)] - Relax [(Frankie Goes To Hollywood) (dallo spot tv Ambre Solaire) (4:00)] - Rhythm Is Magic [(D'Ubaldo Marie Claire) (dallo spot tv Breil) (5:00)] - Can Sing A Rainbow: Love Is Blue [(The Dells) (dallo spot tv Pasta Barilla) (4:00)] - One More Kiss Dear [(New American Orchestra) (dallo spot tv Spumante Carpen&#xE8; Malvolti) (4:00)] - Since I Don't Have You [(The Skyliners) (dallo spot tv Opel Corsa) (4:00)] - A Dean Martin [(Concato Fabio) (dallo spot tv Peugeot) (3:00)] - The Captain of Her Heart  [(Double) (dallo spot tv L'Oreal) (5:00)] - Pretty Woman [(Orbison Roy) (dallo spot tv Renault Traffic ed Express) (3:00)]</subfield>
  </datafield>
  <datafield tag="650" ind1=" " ind2=" ">
    <subfield code="a">SIGLE TV [COMPACT DISC]</subfield>
    <subfield code="e">Codice MATERIA SPICS: 9949</subfield>
    <subfield code="9">30159</subfield>
  </datafield>
  <datafield tag="700" ind1=" " ind2=" ">
    <subfield code="a">AA.VV.</subfield>
    <subfield code="d">Codice autore testo/musica SPICS: 12000</subfield>
    <subfield code="e">Autore testo/musica</subfield>
    <subfield code="9">30752</subfield>
  </datafield>
  <datafield tag="942" ind1=" " ind2=" ">
    <subfield code="c">CD</subfield>
    <subfield code="2">ddc</subfield>
  </datafield>
  <datafield tag="952" ind1=" " ind2=" ">
    <subfield code="0">0</subfield>
    <subfield code="1">0</subfield>
    <subfield code="4">0</subfield>
    <subfield code="6">D_2653_000000000000000</subfield>
    <subfield code="7">1</subfield>
    <subfield code="a">SPICS</subfield>
    <subfield code="b">SPICS</subfield>
    <subfield code="d">2013-10-25</subfield>
    <subfield code="l">0</subfield>
    <subfield code="o">D2653</subfield>
    <subfield code="r">2013-10-25 00:00:00</subfield>
    <subfield code="w">2013-10-25</subfield>
    <subfield code="y">CD</subfield>
    <subfield code="z">Progr. Ins.: 1828 / N.Vol.: 1 / Copie: 1 - Copia rara: n.d. / date import: 01.01.2014 - By Epidotti, Trombetti, Vaglietti</subfield>
  </datafield>
</record>
